20's - Statistiques

Statistiques générales
  • Ce quiz a été pris 82 fois
  • Le résultat moyen est 15 sur 36
Statistiques - réponses
2. x 2. = % Correct
21 x 23 483
79%
22 x 25 550
71%
21 x 26 546
57%
21 x 22 462
50%
21 x 24 504
50%
21 x 25 525
50%
22 x 24 528
50%
21 x 27 567
50%
21 x 28 588
50%
22 x 27 594
50%
21 x 29 609
50%
22 x 23 506
43%
22 x 26 572
43%
22 x 28 616
43%
22 x 29 638
43%
25 x 29 725
43%
28 x 29 812
43%
23 x 24 552
36%
23 x 26 598
36%
24 x 25 600
36%
24 x 26 624
36%
23 x 28 644
36%
25 x 26 650
36%
25 x 27 675
36%
25 x 28 700
36%
26 x 27 702
36%
26 x 28 728
36%
26 x 29 754
36%
27 x 29 783
36%
23 x 25 575
29%
24 x 27 648
29%
23 x 29 667
29%
24 x 28 672
29%
24 x 29 696
29%
27 x 28 756
29%
23 x 27 621
21%
Aucun quiz correspondant
Distribution des résultats
% des personnes avec chaque résultat
Percentile par nombre de réponses
Votre historique - résultats
Vous n’avez pas pris ce quiz